| 000 | 00672nam a22001817a 4500 | ||
|---|---|---|---|
| 999 |
_c166424 _d166424 |
||
| 005 | 20190723164244.0 | ||
| 010 | _aENG-126055 | ||
| 020 |
_a9789386761422 _c1995.00(hb) |
||
| 035 | _aEN-109587 | ||
| 037 | _bDBAD/PUB | ||
| 082 | _a547.05 | ||
| 100 | _aSingh,Devender | ||
| 245 |
_aComprehensive Coordination And Organometallic Chemistry/ _cedited by Devender Singh, Raman Kumar Saini,Shri Bhagwan,Kuldeep |
||
| 260 |
_a4821, Parwana Bhawan,1st Floor,24 Ansari Road, Darya Ganj, New Delhi _bAne Books Pvt.Ltd. _c2018 |
||
| 300 |
_a413p. _c24cm(hb) |
||
| 700 | _aDevender Singh,Raman Kumar Saini Shri Bhagwan, Kuldeep | ||
| 942 |
_2ddc _cEN _h547.05 _mSIN |
||